Degas' drawings. (Record no. 26680)

000 -LEADER
fixed length control field 01095cam a2200265 4500
001 - CONTROL NUMBER
control field 4561335
005 - DATE AND TIME OF LATEST TRANSACTION
control field 20170206093657.0
008 - FIXED-LENGTH DATA ELEMENTS--GENERAL INFORMATION
fixed length control field 740123r19731922nyua 000 0 eng
010 ## - LIBRARY OF CONGRESS CONTROL NUMBER
LC control number 73080952
020 ## - INTERNATIONAL STANDARD BOOK NUMBER
International Standard Book Number 0486212335
050 00 - LIBRARY OF CONGRESS CALL NUMBER
Classification number NC248 .D38A44 1973
100 1# - MAIN ENTRY--PERSONAL NAME
Personal name Degas, Edgar,
Dates associated with a name 1834-1917.
245 10 - TITLE STATEMENT
Title Degas' drawings.
260 ## - PUBLICATION, DISTRIBUTION, ETC. (IMPRINT)
Place of publication, distribution, etc. New York,
Name of publisher, distributor, etc. Dover,
Date of publication, distribution, etc. [1973]
300 ## - PHYSICAL DESCRIPTION
Extent ix, 92 p. (chiefly illus., part col.)
Dimensions 31 cm.
350 ## - PRICE (NR) (BK AM CF MU VM SE) [OBSOLETE]
Price $3.50
500 ## - GENERAL NOTE
General note "This Dover edition ... reproduces all the illustrations in the portfolio Les Dessins de Degas Reproduits en fac-simile, edited by Henri Rivière and published by Demotte, Paris, in the series Les Dessins des grands artistes français ... 1922 and 1923."
600 10 - SUBJECT ADDED ENTRY--PERSONAL NAME
Personal name Degas, Edgar,
Dates associated with a name 1834-1917.
856 42 - ELECTRONIC LOCATION AND ACCESS
Materials specified Publisher description
Uniform Resource Identifier <a href="http://www.loc.gov/catdir/description/dover032/73080952.html">http://www.loc.gov/catdir/description/dover032/73080952.html</a>
942 ## - ADDED ENTRY ELEMENTS (KOHA)
Source of classification or shelving scheme
Koha item type Hard Covered Materials
Holdings
Withdrawn status Lost status Source of classification or shelving scheme Damaged status Not for loan Home library Current library Shelving location Date acquired Source of acquisition Total Checkouts Full call number Barcode Date last seen Price effective from Koha item type
          MACHAKOS UNIVERSITY LIBRARY MACHAKOS UNIVERSITY LIBRARY Technical section 06/02/2017 Donation(BFA)   NC248 .D38A44 1973 34332 11/07/2018 06/02/2017 Hard Covered Materials
© Machakos University Library, Along The Highway, Machakos Wote Rd, Machakos, Kenya P.O. Box 136 - 90100 Machakos - Kenya

Tel: ( +254 ) 723 805829 OR Fax : 044-20353 OR Email: library@mksu.ac.ke